| 000 | 00878nas a2200289 4500 | ||
|---|---|---|---|
| 001 | BR2012009648 | ||
| 003 | BR-BrBNA | ||
| 005 | 20231205121651.0 | ||
| 007 | ta | ||
| 008 | 230509b bl.|||p| |||| 00| 00por d | ||
| 040 |
_aBR-BrBNA _bpor _cBiblioteca Nacional de Agricultura |
||
| 041 | _a(Pt) | ||
| 072 | _aF30 | ||
| 100 | 1 | _aPiotto, F.A. | |
| 100 | 1 | _aPeres, L.E.P. | |
| 245 | 1 | _aBase genética do hábito de crescimento e florescimento em tomateiro e sua importância na agricultura | |
| 650 | _aTOMATE | ||
| 650 | _aSOLANUM LYCOPERSICUM | ||
| 650 | _aCRESCIMENTO | ||
| 650 | _aMELHORAMENTO GENÉTICO VEGETAL | ||
| 650 | _aHÍBRIDO | ||
| 650 | _aFLORAÇÃO | ||
| 650 | _aGENÓTIPO | ||
| 773 | 0 |
_tCiência Rural (Brazil) _xISSN 0103-8478 _g(Nov 2012), v. 42(11) p. 1941-1946 _wBR2012009648 |
|
| 909 |
_a202311 _bLúcia _c55 _dLúcia Elande |
||
| 942 |
_2AGRIS _n0 _cANA |
||
| 999 |
_c224637 _d224637 |
||